The rampant /

"Christianity, it turns out, got a whole lot of things wrong. It's ten years since the hordes of old-world Sumerian gods, the Anunna and Anunnaki, arrived in Southern Indiana to kick off the end of the world." -- Back cover.

Bibliographic Details
Main Author: Day, Julie C. (Author)
Format: Book
Language:English
Published: Seattle, WA : Aqueduct Press, 2019.
Edition:First edition.
Series:Conversation pieces (Aqueduct Press) ; 69.
Subjects:

MARC

Tag First Indicator Second Indicator Subfields
LEADER 00000cam a2200000 i 4500
001 in00004092749
005 20200811090230.0
008 191111s2019 wau 000 1 eng c
035 |a (OCoLC)on1137169602 
040 |a LPU  |b eng  |e rda  |c LPU  |d BDX  |d OCLCF  |d TXA 
020 |a 9781619761698 (paperback) 
020 |a 1619761696 (paperback) 
035 |a (OCoLC)1137169602 
042 |a pcc 
043 |a n-us-in 
050 4 |a PS3604.A98663  |b R36 2019 
049 |a TXAM 
100 1 |a Day, Julie C.,  |e author. 
245 1 4 |a The rampant /  |c by Julie C. Day. 
250 |a First edition. 
264 1 |a Seattle, WA :  |b Aqueduct Press,  |c 2019. 
264 4 |c ©2019 
300 |a 138 pages ;  |c 21 cm. 
336 |a text  |b txt  |2 rdacontent 
337 |a unmediated  |b n  |2 rdamedia 
338 |a volume  |b nc  |2 rdacarrier 
490 1 |a Conversation pieces ;  |v 69 
520 |a "Christianity, it turns out, got a whole lot of things wrong. It's ten years since the hordes of old-world Sumerian gods, the Anunna and Anunnaki, arrived in Southern Indiana to kick off the end of the world." -- Back cover. 
650 0 |a Gods, Sumerian  |z Indiana  |v Fiction. 
650 0 |a Mythology, Sumerian  |v Fiction. 
655 7 |a Fantasy fiction.  |2 fast  |0 (OCoLC)fst01726607 
655 7 |a Fantasy fiction.  |2 lcgft 
655 7 |a Apocalyptic fiction.  |2 lcgft 
655 7 |a Dystopian fiction.  |2 lcgft 
830 0 |a Conversation pieces (Aqueduct Press) ;  |v 69. 
938 |a Brodart  |b BROD  |n 125561407 
948 |a cataloged  |b h  |c 2020/2/11  |d c  |e tchubaryan  |f 10:50:20 am 
994 |a C0  |b TXA 
999 f f |s 15e2db4a-72aa-3f3b-9308-55d0e7ecd409  |i d3e0b9e4-9e81-312f-b9c4-d583e59545a9  |t 0 
952 f f |p noncirc  |a Texas A&M University  |b College Station  |c Cushing Memorial Library & Archives  |d Cushing: Science Fiction (Does not check out)  |t 0  |e PS3604.A98663 R36 2019  |h Library of Congress classification  |i unmediated -- volume 
998 f f |a PS3604.A98663 R36 2019  |t 0  |l Cushing: Science Fiction (Does not check out)